[Event "Petroupoli ASOP Dias op"]
[Site "Petroupoli"]
[Date "2014.03.19"]
[Round "4.16"]
[White "Spanos, Haralabos"]
[Black "Sienczewski, Zbigniew"]
[Result "0-1"]
[WhiteElo "1617"]
[BlackElo "2037"]
[PlyCount "58"]
[EventDate "2014.02.26"]
[EventType "swiss"]
[EventRounds "7"]
[EventCountry "GRE"]
[SourceTitle "EXT 2024"]
[Source "ChessBase"]
[SourceDate "2023.10.10"]
[SourceVersion "1"]
[SourceVersionDate "2023.10.10"]
[SourceQuality "1"]

1. d4 c5 2. d5 Nf6 3. Nc3 d6 4. Nf3 g6 5. e4 Bg7 6. Be2 0-0 7. 0-0 Bg4 8. h3 Bxf3 9. Bxf3 Nfd7 10. Be2 Na6 11. Bxa6 bxa6 12. Qd3 Qb6 13. f4 c4+ 14. Be3 cxd3 15. Bxb6 axb6 16. cxd3 Rac8 17. Rfc1 Bd4+ 18. Kh2 b5 19. a3 Nc5 20. Rc2 Nxd3 21. Rd1 Bxc3 22. Rxd3 Bf6 23. Rdd2 Rc4 24. Rxc4 bxc4 25. Rc2 Rc8 26. g4 e6 27. Kg2 exd5 28. exd5 Rc5 29. Kf3 c3 0-1

[Event "Petroupoli ASOP Dias op"]
[Site "Petroupoli"]
[Date "2014.03.12"]
[Round "3.21"]
[White "Giannopoulos, Antonios"]
[Black "Spanos, Haralabos"]
[Result "0-1"]
[WhiteElo "1840"]
[BlackElo "1617"]
[PlyCount "126"]
[EventDate "2014.02.26"]
[EventType "swiss"]
[EventRounds "7"]
[EventCountry "GRE"]
[SourceTitle "EXT 2024"]
[Source "ChessBase"]
[SourceDate "2023.10.10"]
[SourceVersion "1"]
[SourceVersionDate "2023.10.10"]
[SourceQuality "1"]

1. e4 d5 2. exd5 Qxd5 3. Nc3 Qa5 4. d4 c6 5. Bc4 Nf6 6. Nf3 Bf5 7. 0-0 e6 8. Re1 Bd6 9. Bd2 Qc7 10. Bg5 Nbd7 11. Qe2 0-0 12. h3 h6 13. Be3 Nb6 14. Bd3 Bxd3 15. Qxd3 Rad8 16. Ne4 Be7 17. c3 Nbd5 18. Bd2 Nf4 19. Qc2 N4d5 20. Rad1 Nxe4 21. Qxe4 Nf6 22. Qe2 Rfe8 23. Ne5 c5 24. dxc5 Bxc5 25. Qf3 Bd6 26. Nd3 e5 27. Nc1 e4 28. Qe2 Re6 29. Nb3 Ree8 30. Be3 a6 31. Rd2 Nd5 32. Bd4 Bf4 33. Rdd1 e3 34. fxe3 Nxe3 35. Rd3 Nxg2 36. Qxe8+ Rxe8 37. Rxe8+ Kh7 38. Bf2 Qc6 39. Re2 Qg6 40. Rg3 Bxg3 41. Kxg2 Bh4+ 42. Kh2 Qd6+ 43. Kg2 Qd5+ 44. Kh2 Bxf2 45. Rxf2 g5 46. Nd4 Qxa2 47. Kg3 Qd5 48. Rf5 Qd6+ 49. Kg4 Kg6 50. h4 Qh2 51. hxg5 Qg2+ 52. Kf4 hxg5+ 53. Ke5 Qxb2 54. Rf6+ Kh5 55. Rxf7 Qxc3 56. Kf5 Qc5+ 57. Ke4 b5 58. Rf5 Qe7+ 59. Re5 Qb7+ 60. Kf5 Qf7+ 61. Ke4 Qf4+ 62. Kd5 b4 63. Ne6 Qxe5+ 0-1